000 00751nam a22001937a 4500
999 _c6607
_d6607
003 AR-CdUCM
008 190318b ||||| |||| 00| 0 spa d
040 _aMUNICIPALIDAD PROVINCIAL DEL CUSCO
_cBIBLIOTECA MUNICIPAL DEL CUSCO
082 _a329.85 /
_bP36
100 _aPease García, Henry
_93185
245 _aPerú 1976 cronología política /
260 _aLima :
_bDESCO,
_c1977
300 _a3 tomos ;
_c20 cm.
505 _aContenido :t.2 :Perú 1972, Perú 1973, Perú 1974 --t.3: Fuentes y metodología, Enero 1974, Febrero 1974 ...T.4: Fuentes y metodología, Enero 1975, Febrero 1975,Marzo 1975,Abril 1975 ...
650 _aHistoria cronologicas
_918592
650 _aCronología política
_918593
942 _2ddc
_cLIBROS
945 _arjall